Herby miast województwa lubelskiego - Statystyki

Ogólne statystyki
  • Ten quiz został rozwiązany 10 razy
  • Średni wynik to 18 z 58
Statystyki odpowiedzi
Obrazkowy Odpowiedź % Poprawnych
Lublin
100%
Chełm
83%
Świdnik
83%
Bełżyce
67%
Krasnystaw
67%
Puławy
67%
Wąwolnica
67%
Biała Podlaska
50%
Biłgoraj
50%
Łęczna
50%
Poniatowa
50%
Rejowiec Fabryczny
50%
Tomaszów Lubelski
50%
Zamość
50%
Annopol
33%
Bychawa
33%
Goraj
33%
Hrubieszów
33%
Józefów nad Wisłą
33%
Kazimierz Dolny
33%
Kraśnik
33%
Krasnobród
33%
Kurów
33%
Lubartów
33%
Lubycza Królewska
33%
Nałęczów
33%
Opole Lubelskie
33%
Parczew
33%
Radzyń Podlaski
33%
Rejowiec
33%
Ryki
33%
Turobin
33%
Urzędów
33%
Włodawa
33%
Dęblin
17%
Frampol
17%
Izbica
17%
Józefów
17%
Kock
17%
Łuków
17%
Międzyrzec Podlaski
17%
Ostrów Lubelski
17%
Piaski
17%
Piszczac
17%
Siedliszcze
17%
Szczebrzeszyn
17%
Tarnogród
17%
Zwierzyniec
17%
Czemierniki
0%
Janów Lubelski
0%
Janów Podlaski
0%
Kamionka
0%
Końskowola
0%
Łaszczów
0%
Modliborzyce
0%
Stoczek Łukowski
0%
Terespol
0%
Tyszowiec
0%
Nie znaleziono quizów pasujących do podanych kryteriów
Rozkład punktacji
Procent ludzi z każdym wynikiem
Percentyl według liczby udzielonych odpowiedzi
Twoja historia wyników
Nie rozwiązałeś tego quizu